|
|
|
|
| LEADER |
00000nab a2200000 a 4500 |
| 001 |
vtls008424533 |
| 003 |
SK-MaSNL |
| 005 |
20260305003540.0 |
| 008 |
250505c2004 xo |r|p|||||||000 b|slo |
| 015 |
|
|
|a SNBRB2006/01
|2 snkbucl
|
| 035 |
|
|
|a (uuid)89461bfd-2fb8-4c2a-b031-de7f21f69374
|
| 035 |
|
|
|a urn:nbn:sk:snk-abbzi2
|
| 035 |
|
|
|a (urnnbn)urn:nbn:sk:snk:ar-0078xo
|
| 038 |
|
|
|a SNKBUCL
|
| 040 |
|
|
|a SNKBUCL
|b slo
|c SNKBUCL
|e AACR2
|
| 041 |
0 |
|
|a slo
|b eng
|
| 044 |
|
|
|a xo
|c SK
|
| 080 |
|
|
|a 902.3:611.71:54
|2 1981
|
| 100 |
1 |
|
|a Šefčáková, Alena,
|d 1957-
|4 aut
|9 13497
|
| 245 |
1 |
0 |
|a Medzitkanivové rozdiely v obsahu stopových prvkov kostier zo včasnostredovekého pohrebiska Borovce (okr. Piešťany)
|c Alena Šefčáková
|
| 300 |
|
|
|a Obr., tab.
|
| 504 |
|
|
|a Bibliogr. odkazy
|
| 546 |
|
|
|a Res. angl.
|
| 650 |
0 |
7 |
|a stopové prvky
|2 snkbucl
|9 29124
|
| 650 |
0 |
7 |
|a kostrové pozostatky človeka
|2 snkbucl
|9 75827
|
| 650 |
0 |
7 |
|a stredovek
|2 snkbucl
|9 4259
|
| 650 |
0 |
7 |
|a pohrebiská
|2 snkbucl
|9 30462
|
| 651 |
|
7 |
|a Borovce (Slovensko)
|2 snkbucl
|9 82554
|
| 773 |
0 |
|
|t Zborník Slovenského národného múzea. Prírodné vedy. Ročník L - 2004
|d Bratislava : Slovenské národné múzeum - Prírodovedné múzeum, 2004
|g S. 71-86
|x 0139-5424
|z 808060150X
|
| 850 |
|
|
|a Slovenská národná knižnica
|
| 852 |
|
|
|a Slovenská národná knižnica
|
| 954 |
|
|
|a odborná, vedecká literatúra pôvodná (slovenská)
|2 lita
|
| 958 |
|
|
|a article15
|
| 958 |
|
|
|a OND
|
| 958 |
|
|
|a NB
|
| 958 |
|
|
|a EUIPO
|
| 999 |
|
|
|c 3230839
|d 3232769
|